| 000 | 00814nam a22001817a 4500 | ||
|---|---|---|---|
| 999 |
_c62498 _d62498 |
||
| 003 | Ge_BSU | ||
| 005 | 20241119113744.0 | ||
| 008 | 241119s1949 ge ||||| |||| 00| 0 geo d | ||
| 041 | _ageo | ||
| 080 | _a579 ლ-93 | ||
| 100 |
_aლუნკევიჩი, ვ.ვ. _923731 |
||
| 245 |
_aადამიანის უხილავი მტრები და მეგობრები / _cვ.ვ. ლუნკევიჩი ; თარგ. ქეთო ღამბაშიძის. |
||
| 264 |
_aთბილისი : _bტექნიკა და შრომა, _c1949. |
||
| 300 |
_a108 გვ. : _bილ. ; _c22 სმ. |
||
| 653 | _aმიკრობიოლოგია. | ||
| 700 |
_aღამბაშიძე, ქეთო. _e მთარგმნელი. _923732 |
||
| 942 |
_2udc _cBK |
||